<?xml version="1.0" encoding="UTF-8"?><?xml-stylesheet type="text/xsl" href="static/style.xsl"?><OAI-PMH xmlns="http://www.openarchives.org/OAI/2.0/" xmlns:xsi="http://www.w3.org/2001/XMLSchema-instance" xsi:schemaLocation="http://www.openarchives.org/OAI/2.0/ http://www.openarchives.org/OAI/2.0/OAI-PMH.xsd"><responseDate>2026-04-18T04:26:02Z</responseDate><request verb="GetRecord" identifier="oai:riubu.ubu.es:10259/10390" metadataPrefix="marc">https://riubu.ubu.es/oai/request</request><GetRecord><record><header><identifier>oai:riubu.ubu.es:10259/10390</identifier><datestamp>2025-03-31T11:08:01Z</datestamp><setSpec>com_10259_4145</setSpec><setSpec>com_10259_5086</setSpec><setSpec>com_10259_2604</setSpec><setSpec>col_10259_4146</setSpec></header><metadata><record xmlns="http://www.loc.gov/MARC21/slim" xmlns:doc="http://www.lyncode.com/xoai" xmlns:xsi="http://www.w3.org/2001/XMLSchema-instance" xmlns:dcterms="http://purl.org/dc/terms/" xsi:schemaLocation="http://www.loc.gov/MARC21/slim http://www.loc.gov/standards/marcxml/schema/MARC21slim.xsd">
<leader>00925njm 22002777a 4500</leader>
<datafield tag="042" ind1=" " ind2=" ">
<subfield code="a">dc</subfield>
</datafield>
<datafield tag="720" ind1=" " ind2=" ">
<subfield code="a">Toma, Radu Bogdan</subfield>
<subfield code="e">author</subfield>
</datafield>
<datafield tag="260" ind1=" " ind2=" ">
<subfield code="c">2021-09</subfield>
</datafield>
<datafield tag="520" ind1=" " ind2=" ">
<subfield code="a">Los cuestionarios ROSE ocupan un lugar destacado en la investigación relacionada con las actitudes hacia la ciencia, sin embargo, su análisis psicométrico en población de habla hispana ha sido descuidado. Esta revisión sistemática recopila estudios que han empleado los instrumentos ROSE y presenta un análisis de sus evidencias psicométricas. Los hallazgos revelan lagunas en términos de validez y fiabilidad. Concretamente, los resultados de validez estructural y fiabilidad documentados en la bibliografía son poco satisfactorios, insuficientes y contradictorios. Asimismo, existe una ausencia de aporte de evidencias fundamentales de validez (validez convergente, discriminante, concurrente y predictiva) y de fiabilidad test-retest (estabilidad temporal). Por lo tanto, la calidad psicométrica de los cuestionarios ROSE es preocupante y se desconoce en qué medida evalúan adecuadamente las actitudes hacia la ciencia.</subfield>
</datafield>
<datafield tag="520" ind1=" " ind2=" ">
<subfield code="a">The ROSE questionnaires stand out in research related to attitudes towards science; however, its psychometric analysis in the Spanish-speaking population has been neglected. This systematic review compiles research that used the ROSE instruments and provides an analysis of their psychometric evidence. The findings reveal gaps in terms of validity and reliability evidence. In particular, the results of structural validity and reliability documented in the literature are unsatisfactory, insufficient, and contradictory. Furthermore, fundamental psychometric properties are absent, such as convergent, discriminant, concurrent, and predictive validity; no evidence of temporal stability reliability was found neither. Therefore, the psychometric quality of the ROSE questionnaires is of concern and the extent to which they adequately measure attitudes towards science is unknown.</subfield>
</datafield>
<datafield tag="024" ind2=" " ind1="8">
<subfield code="a">http://hdl.handle.net/10259/10390</subfield>
</datafield>
<datafield tag="024" ind2=" " ind1="8">
<subfield code="a">10.25267/Rev_Eureka_ensen_divulg_cienc.2021.v18.i3.3102</subfield>
</datafield>
<datafield tag="024" ind2=" " ind1="8">
<subfield code="a">1697-011X</subfield>
</datafield>
<datafield ind1=" " ind2=" " tag="653">
<subfield code="a">Actitudes hacia la ciencia</subfield>
</datafield>
<datafield ind1=" " ind2=" " tag="653">
<subfield code="a">Imagen de la ciencia</subfield>
</datafield>
<datafield ind1=" " ind2=" " tag="653">
<subfield code="a">Ciencia escolar</subfield>
</datafield>
<datafield ind1=" " ind2=" " tag="653">
<subfield code="a">Ciencia y tecnología</subfield>
</datafield>
<datafield ind1=" " ind2=" " tag="653">
<subfield code="a">Educación científica</subfield>
</datafield>
<datafield ind1=" " ind2=" " tag="653">
<subfield code="a">Attitudes toward science</subfield>
</datafield>
<datafield ind1=" " ind2=" " tag="653">
<subfield code="a">Image of science</subfield>
</datafield>
<datafield ind1=" " ind2=" " tag="653">
<subfield code="a">School science</subfield>
</datafield>
<datafield ind1=" " ind2=" " tag="653">
<subfield code="a">Science and technology</subfield>
</datafield>
<datafield ind1=" " ind2=" " tag="653">
<subfield code="a">Science education</subfield>
</datafield>
<datafield tag="245" ind1="0" ind2="0">
<subfield code="a">Problemas de validez y fiabilidad en los cuestionarios ROSE: revisión sistemática de la producción española</subfield>
</datafield>
</record></metadata></record></GetRecord></OAI-PMH>